| 000 | 00683nam a2200193Ia 4500 | ||
|---|---|---|---|
| 999 |
_c19570 _d19570 |
||
| 082 | _aTS.0005 | ||
| 100 | _aSaxena, Ashutosh | ||
| 245 | 0 | _aRural development and elite participation : A socio political study of two villages in West U.P. | |
| 260 |
_c1986 _bIndian Institute of Technology, Kanpur |
||
| 300 | _a345p. | ||
| 650 | _aSOCIOLOGY, RURAL///VILLAGES | ||
| 650 | _aINTEGRATED RURAL DEVELOPMENT PROGRAMME | ||
| 650 | _aRURAL DEVELOPMENT - UTTAR PRADESH | ||
| 650 | _aVILLAGES - UTTAR PRADESH | ||
| 650 | _aELITE (SOCIAL SCIENCES) - UTTAR PRADESH | ||
| 650 | _aRURAL DEVELOPMENT///INTEGRATED RURAL DEVELOPMENT PROGRAMME | ||
| 710 | _aSharma, A.K. | ||
| 942 |
_cTH _2ddc |
||